000 00546nam a2200181 i 4500
001 103600
003 ES-MaACL
005 20230906183415.0
007 t|
008 060421s1943 pr ||||1| spa d
080 _a929(729.5)
100 1 _aGeigel Polanco, Vicente.
_956211
245 1 0 _aValores de Puerto Rico /
_cVicente Geigel Polanco.
260 _aSan Juan, Puerto Rico :
_bEugenio María de Hostos,
_c1943.
300 _a169 p. ;
_c18 cm.
650 1 4 _aPuertorriqueños-
_xBiografías.
_916618
852 _aES-MaACL
_jC-56836
_bR.137444
999 _c103600
_d103600